000 00292nam a2200109Ia 4500
008 231129s9999||||xx |||||||||||||| ||spa||
082 _a863 P226m
100 _aPardo Bazan Emilia
245 0 _aMorriña
264 _aBarcelona España : Salvat Editores; Alianza Editorial
942 _2ddc
_cBKS
999 _c21408
_d21408